000 00631nas a2200229 4500
001 BR9603728
003 BR-BrBNA
005 20231205094826.0
007 ta
008 230509b bl.|||p| |||| 00| 00por d
040 _aBR-BrBNA
_bpor
_cBiblioteca Nacional de Agricultura
041 _a(Pt)
072 _aE70; F06
100 1 _aPupo, S. de A.
245 1 _aO PROALCOOL e a queda de precos do petroleo
650 _aAlcool
650 _aPetroleo
650 _aPreco
773 0 _tRevista do Alcool (Brazil)
_x
_g(Jan-Feb 1985), v. 5(33) p. 50
_wBR9603728
909 _a202311
_bLúcia
_c55
_dLúcia Elande
942 _2AGRIS
_n0
_cANA
999 _c147104
_d147104